| 000 | 00583nam a22002297a 4500 | ||
|---|---|---|---|
| 005 | 20180904133118.0 | ||
| 008 | 180903b xxu||||| |||| 00| 0 spa d | ||
| 020 | _a9781405070522 | ||
| 041 | _aspa | ||
| 082 | _a428 V767ma | ||
| 100 |
_aVince, Michael _949603 |
||
| 245 | _aMacmillan english grammar in context advance | ||
| 260 | _aEstados Unidos | ||
| 260 | _bMacmillan | ||
| 260 | _c2008 | ||
| 300 | _a224 páginas | ||
| 505 | _aContiene disco compacto N 794 | ||
| 650 |
_aINGLÉS _92062 |
||
| 650 |
_aENSEÑANZA _9236 |
||
| 650 |
_aGRAMÁTICA _949621 |
||
| 942 | _cBK | ||
| 999 |
_c11102 _d11102 |
||